00234 a2200109 4500001000700000020001800007040001100025100003000036240002700066245002200093362000900115194228 a85-322-0388-4 cMagnum aMoraes, Antonieta Dias de10aA roça de milholpor10aA roça de milho0 a1994